000 00235nam a2200097Ia 4500
008 230915s9999 xx 000 0 und d
050 _aPG3326 .B7A97
100 _aDOSTOEVSKY ,FYODOR
245 4 _aTHE KARAMAZOV BROTHERS
942 _cBK
999 _c175868
_d175868